000 00251nam a2200121Ia 4500
008 190216s9999||||xx |||||||||||||| ||und||
100 _aNull
245 0 _aHindi-Sabse Nime Ka Admi
260 _bNull
300 _a62
650 _aHindi
942 _cBK
999 _c15812
_d15812